Guess the Taylor Swift song with no hints #7 - Statistics

General Stats
  • This quiz has been taken 215 times
  • The average score is 394 of 455
Answer Stats
Answer % Correct
you
100%
I
99%
the
98%
to
96%
and
95%
me
95%
do
94%
in
94%
when
94%
your
94%
it
93%
all
92%
was
91%
was-
91%
is
89%
like
89%
of
89%
then
89%
had
88%
go
87%
it's
87%
stay
87%
that
87%
they
87%
too
87%
love
85%
what
84%
are
83%
but
83%
don't
83%
been
82%
say
82%
were
82%
have
81%
this
81%
hand
80%
know
80%
not
80%
now
80%
us
80%
want
80%
back
79%
just
79%
out
79%
always
78%
oh
78%
palm
78%
i've
77%
off
77%
think
77%
let
76%
away
74%
People
74%
people
74%
gave
73%
up
73%
late
72%
you've
72%
lock
71%
wanted
71%
well
71%
why'd
71%
about
69%
could've
69%
easy
69%
gone
69%
hey
69%
believe
68%
wanna
68%
forever
67%
more
66%
here
65%
changed
64%
goodbye
64%
road
64%
less
63%
made
63%
drove
62%
aside
61%
pushed
61%
mess
60%
pieces
59%
calling
58%
picking
57%
remind
57%
ended
56%
bit
3%
No matching quizzes found
Score Distribution
Percent of People with Each Score
Percentile by Number Answered
Your Score History
You have not taken this quiz